Повторное использование очищенных поверхностных сточных вод в производстве подшипников; Безопасность жизнедеятельности; № 4

書誌詳細
Parent link:Безопасность жизнедеятельности: научно-практический и учебно-методический журнал.— , 2001-
№ 4.— 2004.— С. 43-47
第一著者: Соколов Л. И.
その他の著者: Рупасов А. М.
言語:ロシア語
出版事項: 2004
シリーズ:Научно-практические исследования
主題:
フォーマット: 図書の章
KOHA link:https://koha.lib.tpu.ru/cgi-bin/koha/opac-detail.pl?biblionumber=392615

MARC

LEADER 00000naa2a2200000 4500
001 392615
005 20231101064259.0
035 |a (RuTPU)RU\TPU\prd\28007 
090 |a 392615 
100 |a 20040917a2004 k y0rusy50 ca 
101 0 |a rus 
102 |a RU 
200 1 |a Повторное использование очищенных поверхностных сточных вод в производстве подшипников  |f Л. И. Соколов, А. М. Рупасов 
225 1 |a Научно-практические исследования 
461 1 |0 (RuTPU)RU\TPU\prd\1137  |t Безопасность жизнедеятельности  |o научно-практический и учебно-методический журнал  |d 2001- 
463 1 |0 (RuTPU)RU\TPU\prd\26079  |t № 4  |v С. 43-47  |d 2004 
610 1 |a подшипники 
610 1 |a поверхностные сточные воды 
610 1 |a доочистка 
610 1 |a повторное использование 
610 1 |a фильтрирование 
610 1 |a эффективность 
610 1 |a загрязняющие вещества 
610 1 |a технологические схемы 
610 1 |a качественные показатели 
675 |a 628.543  |v 3 
700 1 |a Соколов  |b Л. И. 
701 1 |a Рупасов  |b А. М. 
801 1 |a RU  |b 63413507  |c 20040917  |g PSBO 
942 |c BK